Polyfunkčný bytový dom NA VRÁTKACH
Gespeichert in:
| 1. Verfasser: | |
|---|---|
| Weitere Verfasser: | |
| Format: | Manuskript Buch |
| Sprache: | Slowakisch |
| Veröffentlicht: |
2015
|
| Schlagworte: | |
| Online-Zugang: | http://is.stuba.sk/zp/portal_zp.pl?podrobnosti=109356 https://opac.crzp.sk/?fn=detailBiblioForm&sid=78283B71680DBAF21F47D71D22D4 |
| Tags: |
Keine Tags, Fügen Sie das erste Tag hinzu!
|
MARC
| LEADER | 00000ntm a22000003a 4500 | ||
|---|---|---|---|
| 001 | stuzp51305 | ||
| 003 | SK-STU | ||
| 005 | 20231012105225.9 | ||
| 007 | ta | ||
| 008 | 150427s2015----xo-----f-mn---000-0-slo-d | ||
| 040 | |a STU |b slo | ||
| 041 | 0 | |a slo | |
| 100 | 1 | |a Figuli, Igor |u 010270 |4 aut |U SvF Stavebná fakulta |T SvF Katedra technológie stavieb |X 7161 |U V270 |Y 28 |7 A000007161 | |
| 242 | 0 | 1 | |a Multifunctional apartment house |y eng |
| 245 | 1 | 0 | |a Polyfunkčný bytový dom NA VRÁTKACH |
| 260 | |c 2015 | ||
| 650 | 4 | |a Výkresy zariadenia staveniska |2 slo | |
| 650 | 4 | |a Časový harmonogram výstavby |2 slo | |
| 650 | 4 | |a Podstojkovanie podzemných garáží |2 slo | |
| 650 | 4 | |a Timetable of construction |2 eng | |
| 650 | 4 | |a Support system of undeground garages |2 eng | |
| 650 | 4 | |a Drawings of construction equipment |2 eng | |
| 700 | 1 | |a Ďubek, Marek |4 ths |X 20818 |7 A000020818 | |
| 856 | 4 | |u http://is.stuba.sk/zp/portal_zp.pl?podrobnosti=109356 | |
| 856 | 4 | |u https://opac.crzp.sk/?fn=detailBiblioForm&sid=78283B71680DBAF21F47D71D22D4 | |
| SQL | |a stuzp51305 |b DDP |c SLO |d Polyfunkčný bytový dom NA VRÁTKACH |e 7161 |f Figuli, Igor |g 010270 |h 20818 |i Ďubek, Marek |j 20150618 |k 681 |l 01 |m http://is.stuba.sk/zp/portal_zp.pl?podrobnosti=109356 |n I-TS |o 5.2.8. stavebníctvo | ||